000 00855nam a22001337a 4500
040 _cRUA
082 _aAVM CHH 2010 B096 Or.1
100 _aCHHOUEN, CHANTHOAN.
245 _aStudy on using dry sesbania leave in feed ingredient on growing of quail at the research station of royal university of agriculture, សិក្សាលើការប្រើប្រាស់ស្លឹកអង្គាដីក្រៀមជាចំណីផ្សំទៅលើការលូតលាស់របស់ក្រូចនៅស្ថានីយពិសោធន៍សត្វនៃសាកលវិទ្យាល័យភូមិន្ទកសិកម្ម
260 _aPhnom Penh
_bRUA
_c2010
300 _aviii; 37p.
_bill.
_c29cm.
856 _uhttps://drive.google.com/file/d/1dWedRNc847P_C698RiVEPh6ZUlmeYHZC/view?usp=sharing
942 _cAVM
999 _c2456
_d2456